Pohľad na reformy: fundamenatlisti a modernisti, podstata fundamentalizmu
Rozkvet fundamenatlistov vo svete bol predvídateľný v tom zmysle, že keď sa morálne základy spoločnosti začínajú narúšať, nevyhnutne rastie odhodlanie vrátiť sa k tomu, čo už bolo vyskúšané a spoľahlivé. Jedným z týchto pólov je fundamentalizmus, jeho podstata. Fundamentalistov a revizionistov spája...
Saved in:
| Main Author: | |
|---|---|
| Format: | Book Chapter |
| Language: | Slovak |
| Subjects: | |
| Tags: |
No Tags, Be the first to tag this record!
|
MARC
| LEADER | 00000nla$a2200000$$$4500 | ||
|---|---|---|---|
| 001 | 0065105 | ||
| 005 | 20240502071752.6 | ||
| 041 | 0 | |a slo | |
| 044 | |a SK | ||
| 245 | 1 | 0 | |a Pohľad na reformy: fundamenatlisti a modernisti, podstata fundamentalizmu |c Alisher Sayfiddinov |
| 520 | |a Rozkvet fundamenatlistov vo svete bol predvídateľný v tom zmysle, že keď sa morálne základy spoločnosti začínajú narúšať, nevyhnutne rastie odhodlanie vrátiť sa k tomu, čo už bolo vyskúšané a spoľahlivé. Jedným z týchto pólov je fundamentalizmus, jeho podstata. Fundamentalistov a revizionistov spája želanie zachovať náboženskú štruktúru účinnou. Prví aj druhí ju potrebujú ako základ pre budovanie medziľudských vzťahov. Obidve strany majú záujem aj o reformu. Autor sa zameriava na analýzu fundamentalizmu a mechanizmus jeho pôsobenia. | ||
| 610 | 2 | 0 | |a fundamentalizmus |
| 610 | 2 | 0 | |a revizionizmus |
| 610 | 2 | 0 | |a morálka |
| 610 | 2 | 0 | |a spoločnosť |
| 100 | 1 | |a Sayfiddinov, Alisher | |